Welcome to WEB OPAC of MRSPTU Central Library

Electrical design : estimating and costing (Record no. 4912)

MARC details
000 -LEADER
fixed length control field 00440nam a2200169Ia 4500
008 - FIXED-LENGTH DATA ELEMENTS--GENERAL INFORMATION
fixed length control field 230711s9999||||xx |||||||||||||| ||und||
041 ## - LANGUAGE CODE
Language code of text/sound track or separate title ENG
082 ## - DEWEY DECIMAL CLASSIFICATION NUMBER
Classification number 621
Item number BH-E
100 ## - MAIN ENTRY--PERSONAL NAME
Personal name Bhattacharya.S.K
245 #0 - TITLE STATEMENT
Title Electrical design : estimating and costing
250 ## - EDITION STATEMENT
Edition statement 1st . Ed.
260 ## - PUBLICATION, DISTRIBUTION, ETC.
Date of publication, distribution, etc. 1991
Place of publication, distribution, etc. New Delhi
Name of publisher, distributor, etc. New Age International Publishers
300 ## - PHYSICAL DESCRIPTION
Extent 395
650 ## - SUBJECT ADDED ENTRY--TOPICAL TERM
Topical term or geographic name entry element Electrical Engineering
700 ## - ADDED ENTRY--PERSONAL NAME
Personal name Raina,K.B
942 ## - ADDED ENTRY ELEMENTS (KOHA)
Koha item type Book
Holdings
Withdrawn status Lost status Damaged status Not for loan Collection Home library Current library Date acquired Total checkouts Full call number Barcode Date last seen Price effective from Koha item type Date last checked out
          MRSPTU Central Library MRSPTU Central Library     621 BH-E 17763 08/17/2023 08/17/2023 Book  
          MRSPTU Central Library MRSPTU Central Library   1 621.31 RA-E 15165 04/01/2025 08/17/2023 Book 02/10/2025
          MRSPTU Central Library MRSPTU Central Library   1 621 BH-E 17764 02/22/2024 08/17/2023 Book 11/22/2023
          MRSPTU Central Library MRSPTU Central Library     621 BH-E 17765 08/17/2023 08/17/2023 Book  
          MRSPTU Central Library MRSPTU Central Library     621 BH-E 17766 08/17/2023 08/17/2023 Book  
          MRSPTU Central Library MRSPTU Central Library   1 621 BH-E 17767 05/23/2024 08/17/2023 Book 04/30/2024

Website Designed and Developed by MRSPTU Central Library Team

E-mail Id: librarian@mrsptu.ac.in